Statistiques concernant 15 principaux pays touchés par Covid-19 - 15 septembre

Cliquez ici pour prendre le quiz!

Statistiques générales

  • Ce quiz a été pris 12 fois
  • Le résultat moyen est 11 sur 24

Statistiques - réponses

pays% Correct
France
100%
Espagne
91%
Etats-Unis
91%
Brésil
82%
Mexique
82%
Russie
82%
Inde
73%
Royaume-Uni
73%
Argentine
64%
Colombie
55%
Chili
45%
Chili
45%
Iran
45%
Pérou
45%
Afrique du Sud
27%
Panama
18%
Arménie
9%
Bahreïn
9%
Bangladesh
9%
Costa Rica
9%
Israël
9%
Koweït
9%
Oman
9%
Qatar
9%

Distribution des résultats

Percentile par nombre de réponses

% des personnes avec chaque résultat

Votre développement - résultats

Vous n’avez pas pris ce quiz